[Event "19th EUR-ch"]
[Site "Batumi GEO"]
[Date "2018.03.18"]
[Round "2.137"]
[White "Assaubaeva, Bibisara"]
[Black "Yeremian, Alen"]
[Result "1-0"]
[WhiteElo "2369"]
[BlackElo "1961"]
[EventDate "2018.03.17"]
[PlyCount "133"]

1.d4 Nf6 2.c4 g6 3.f3 Bg7 4.e4 d6 5.Nc3 O-O 6.Be3 c5 7.Nge2 Nc6 8.d5 Ne5 
9.Ng3 e6 10.Be2 exd5 11.cxd5 a6 12.a4 Bd7 13.O-O b5 14.axb5 axb5 15.Rxa8 
Qxa8 16.Bxb5 Bxb5 17.Nxb5 Qa6 18.Na3 Rb8 19.Bc1 Nfd7 20.Qe2 Qxe2 21.Nxe2 
Nd3 22.Nc4 Rb4 23.b3 Rxb3 24.Nxd6 Nxc1 25.Rxc1 Bh6 26.Ra1 Nb6 27.f4 Bf8 
28.Ne8 Rb2 29.Nc3 Rb3 30.Ne2 Rb2 31.Nc3 Rb3 32.Rc1 Nc4 33.Nf6+ Kg7 34.Nd7 
Nb2 35.Rb1 c4 36.Nxf8 Kxf8 37.Kf1 Nd3 38.Rxb3 cxb3 39.g3 Ke7 40.Ke2 Nb4 
41.Kd2 f6 42.Nb1 Kd6 43.Kc3 Nc2 44.Nd2 Ne3 45.Kxb3 Ng4 46.h4 Kc5 47.Kc3 f5
48.Nb3+ Kd6 49.Kd4 fxe4 50.Nd2 Kd7 51.Nxe4 h5 52.d6 Ke6 53.Kc4 Ne3+ 54.Kd3
Nf5 55.Ke2 Nd4+ 56.Kf2 Nf5 57.Kg2 Nh6 58.Kf3 Kd7 59.f5 gxf5 60.Nf6+ Kxd6 
61.Kf4 Ke7 62.Nxh5 Ke6 63.Kg5 Nf7+ 64.Kg6 Ne5+ 65.Kg7 f4 66.Nxf4+ Kf5 67.
h5 1-0

[Event "19th EUR-ch"]
[Site "Batumi GEO"]
[Date "2018.03.18"]
[Round "2.138"]
[White "Tarun, Kanyamarala"]
[Black "Davtian, Artur"]
[Result "0-1"]
[WhiteElo "1920"]
[BlackElo "2351"]
[EventDate "2018.03.17"]
[PlyCount "76"]

1.Nf3 d5 2.c4 e6 3.g3 dxc4 4.Bg2 Nd7 5.O-O Ngf6 6.Qc2 a6 7.a4 c5 8.Na3 b6 
9.Nxc4 Bb7 10.d3 Rc8 11.Qb3 Be7 12.e4 O-O 13.Bf4 Bc6 14.Rfd1 Nh5 15.Be3 
Qc7 16.Nfd2 Rfd8 17.Qc2 Bb7 18.Bf3 Nhf6 19.Qc3 e5 20.Be2 b5 21.axb5 axb5 
22.Na5 Ba8 23.Rdc1 Qb8 24.Nab3 Rc6 25.Qa5 Rdc8 26.Rc2 h6 27.Qa7 Qd6 28.
Rac1 Ra6 29.Rxc5 Nxc5 30.Rxc5 Rxc5 31.Qxc5 Qxc5 32.Nxc5 Ra2 33.b4 Rb2 34.
Bd1 Bc6 35.h3 Nd7 36.Bb3 Nxc5 37.bxc5 Bxc5 38.Bxc5 Rxd2 0-1

[Event "19th EUR-ch"]
[Site "Batumi GEO"]
[Date "2018.03.18"]
[Round "2.139"]
[White "Mirzoyan, David"]
[Black "Trisha, Kanyamarala"]
[Result "1-0"]
[WhiteElo "2350"]
[BlackElo "1956"]
[EventDate "2018.03.17"]
[PlyCount "103"]

1.d4 d5 2.c4 e6 3.Nc3 Nf6 4.cxd5 exd5 5.Bg5 Be7 6.e3 c6 7.Bd3 Nbd7 8.Qc2 
h6 9.Bf4 Nh5 10.Nf3 Nb6 11.Be5 Be6 12.h3 Bd6 13.a3 Qe7 14.Ne2 Nf6 15.Nf4 
Bxe5 16.Nxe5 Nfd7 17.Neg6 fxg6 18.Nxg6 Qf6 19.Nxh8 g5 20.Ng6 O-O-O 21.h4 
Bf7 22.h5 Be6 23.a4 a6 24.a5 Nc4 25.b3 Nd6 26.Bxa6 Kb8 27.Bd3 c5 28.Rc1 
Rc8 29.Qd2 c4 30.bxc4 dxc4 31.Bb1 Bf5 32.Bxf5 Nxf5 33.Qb4 Qc6 34.O-O Nh4 
35.d5 Qxd5 36.Nxh4 gxh4 37.Rfd1 Qc6 38.Qd6+ Qxd6 39.Rxd6 Ne5 40.Rd5 Nf7 
41.f4 Re8 42.Kf2 Rc8 43.Rc3 Nd8 44.Rd4 Nc6 45.Rdxc4 Rd8 46.Rxc6 bxc6 47.
Rxc6 Rd5 48.Rxh6 Rxa5 49.Rh8+ Kc7 50.h6 Rh5 51.h7 Kb7 52.Kf3 1-0

[Event "19th EUR-ch"]
[Site "Batumi GEO"]
[Date "2018.03.18"]
[Round "2.140"]
[White "Naqopia, Giorgi"]
[Black "Tsoi, Dmitry"]
[Result "0-1"]
[WhiteElo "1849"]
[BlackElo "2347"]
[EventDate "2018.03.17"]
[PlyCount "66"]

1.d4 Nf6 2.Nf3 e6 3.Bg5 h6 4.Bh4 d6 5.Nbd2 g5 6.Bg3 Nh5 7.e4 Nd7 8.Bd3 Qe7
9.Qe2 Bg7 10.c3 a6 11.Nc4 b5 12.Na5 Nb6 13.Nd2 Nxg3 14.hxg3 Na4 15.Nf1 c5 
16.e5 Qc7 17.Nb3 c4 18.Be4 d5 19.Nbd2 dxe4 20.Nxe4 Bb7 21.Nd6+ Kf8 22.f4 
Rd8 23.fxg5 hxg5 24.Rxh8+ Bxh8 25.Qh5 Bg7 26.Qxg5 Rxd6 27.exd6 Qxd6 28.
O-O-O b4 29.Qa5 Bh6+ 30.Kb1 bxc3 31.d5 Bxd5 32.Qxa4 Be4+ 33.Ka1 Bg7 0-1

[Event "19th EUR-ch"]
[Site "Batumi GEO"]
[Date "2018.03.18"]
[Round "2.141"]
[White "Baglan, Esat"]
[Black "Asatrian, Gor"]
[Result "1/2-1/2"]
[WhiteElo "2341"]
[BlackElo "1852"]
[EventDate "2018.03.17"]
[PlyCount "110"]

1.e4 c5 2.Nf3 e6 3.d4 cxd4 4.Nxd4 Nf6 5.Nc3 Nc6 6.Ndb5 Bc5 7.Bf4 O-O 8.Bc7
Qe7 9.Bd6 Bxd6 10.Qxd6 Qd8 11.O-O-O a6 12.Nd4 Qb6 13.Nxc6 bxc6 14.f3 Ne8 
15.Qd2 d5 16.Bd3 Rb8 17.b3 Qb4 18.h4 Qa3+ 19.Kb1 d4 20.Ne2 c5 21.Qf4 Rb6 
22.h5 h6 23.Qc1 Qxc1+ 24.Kxc1 e5 25.c3 Nd6 26.cxd4 cxd4 27.Kd2 a5 28.Rc1 
a4 29.Rb1 axb3 30.Rxb3 Rxb3 31.axb3 Be6 32.Rb1 Rb8 33.Nc1 Kf8 34.Ra1 Ke7 
35.Bc2 Rb7 36.Nd3 Bxb3 37.Bxb3 Rxb3 38.Ra7+ Kf6 39.Ra6 Ke7 40.Nxe5 Rb2+ 
41.Kd3 Rxg2 42.Nc6+ Kd7 43.Nxd4 Rg5 44.Ra7+ Ke8 45.Nc6 Rc5 46.Nb4 Rxh5 47.
Nd5 Re5 48.Ra8+ Kd7 49.Kd4 Re8 50.Ra7+ Kd8 51.Kc5 Re6 52.Nc7 Rg6 53.Nd5 
Re6 54.Nc7 Rg6 55.Nd5 Re6 1/2-1/2

[Event "19th EUR-ch"]
[Site "Batumi GEO"]
[Date "2018.03.18"]
[Round "2.142"]
[White "Aliev, Ravan"]
[Black "Qalichava, Akaki"]
[Result "1-0"]
[WhiteElo "2330"]
[BlackElo "1796"]
[EventDate "2018.03.17"]
[PlyCount "75"]

1.d4 Nf6 2.c4 e6 3.Nf3 b6 4.Nc3 Bb7 5.a3 d5 6.cxd5 Nxd5 7.Qc2 Nxc3 8.bxc3 
Be7 9.e4 O-O 10.Bd3 c5 11.O-O Qc7 12.Qe2 Nc6 13.Bb2 Rfd8 14.Rad1 Bf6 15.e5
Be7 16.Qe4 g6 17.Qg4 Na5 18.Nd2 Bf8 19.Be4 Bg7 20.Bxb7 Qxb7 21.Ne4 Nb3 22.
Qf3 Qe7 23.Qf4 c4 24.h4 h5 25.a4 Rac8 26.Nd6 Rc7 27.Ba3 Qd7 28.Ne4 Kh7 29.
Bd6 Rb7 30.g4 hxg4 31.h5 Rh8 32.Kg2 Qc6 33.Rh1 g5 34.Qxg4 Bh6 35.Qf3 Rc8 
36.Nf6+ Kh8 37.d5 Qxa4 38.Qe4 1-0

[Event "19th EUR-ch"]
[Site "Batumi GEO"]
[Date "2018.03.18"]
[Round "2.143"]
[White "Tsotsonava, Elene"]
[Black "Petriashvili, Nikoloz"]
[Result "0-1"]
[WhiteElo "1789"]
[BlackElo "2329"]
[EventDate "2018.03.17"]
[PlyCount "119"]

1.e4 c5 2.Nf3 Nc6 3.d4 cxd4 4.Nxd4 Nf6 5.Nc3 d6 6.Bg5 e6 7.Qd2 Be7 8.O-O-O
O-O 9.f3 Nxd4 10.Qxd4 Qa5 11.h4 a6 12.g4 b5 13.Kb1 b4 14.Ne2 e5 15.Qd2 Be6
16.b3 Rac8 17.Bxf6 Bxf6 18.g5 Be7 19.h5 Rc5 20.g6 fxg6 21.hxg6 h6 22.Rxh6 
Rfc8 23.Bh3 Bxh3 24.Rxh3 Rxc2 25.Qd5+ Qxd5 26.exd5 Bg5 27.Ng3 Rg2 28.Rdh1 
Bh6 29.Nf5 Rcc2 30.Nxh6+ gxh6 31.Rg3 Rb2+ 32.Kc1 Rgc2+ 33.Kd1 Rf2 34.Kc1 
Rxa2 35.Kb1 Rfb2+ 36.Kc1 Re2 37.Kb1 Reb2+ 38.Kc1 Kg7 39.Rxh6 Kxh6 40.g7 
Rg2 41.g8=N+ Kh5 42.Nf6+ Kh4 43.Rxg2 Rxg2 44.Ne4 Rg6 45.Kd2 Kh3 46.Kd3 Kg2
47.Ke3 Kf1 48.Kd2 Rh6 49.Kd3 Ke1 50.Ke3 Kd1 51.Kd3 Rg6 52.Nf2+ Kc1 53.Ne4 
Kb2 54.Kc4 a5 55.Nd2 Rh6 56.Kd3 Rh4 57.Nc4+ Kxb3 58.Nxa5+ Kb2 59.Nc4+ Rxc4
60.Kxc4 0-1

[Event "19th EUR-ch"]
[Site "Batumi GEO"]
[Date "2018.03.18"]
[Round "2.144"]
[White "Akhvlediani, Irakli"]
[Black "Orujov, Farid"]
[Result "1-0"]
[WhiteElo "2318"]
[BlackElo "1770"]
[EventDate "2018.03.17"]
[PlyCount "67"]

1.d4 Nf6 2.c4 c5 3.d5 b5 4.cxb5 a6 5.bxa6 Bxa6 6.Nc3 d6 7.Nf3 g6 8.g3 Bg7 
9.Bg2 O-O 10.O-O Nbd7 11.Rb1 Qa5 12.Bd2 Rfb8 13.b3 Ng4 14.Qc1 c4 15.h3 
Nge5 16.Nd4 cxb3 17.Nc6 Nxc6 18.dxc6 Ne5 19.axb3 Qc5 20.b4 Rxb4 21.Rxb4 
Qxb4 22.Nd5 Qc5 23.Nc7 Qa7 24.Nxa8 Qxa8 25.Bc3 Qc8 26.Re1 Bb5 27.f4 Nc4 
28.Bxg7 Kxg7 29.Qc3+ e5 30.Rb1 Ba6 31.Rb4 Qe6 32.c7 h6 33.Rxc4 Bxc4 34.Bb7
1-0

[Event "19th EUR-ch"]
[Site "Batumi GEO"]
[Date "2018.03.18"]
[Round "2.145"]
[White "Suleymanli, Suleyman"]
[Black "Oboladze, Luka"]
[Result "0-1"]
[WhiteElo "1763"]
[BlackElo "2318"]
[EventDate "2018.03.17"]
[PlyCount "128"]

1.d4 Nf6 2.c4 e6 3.Nc3 c5 4.d5 exd5 5.cxd5 d6 6.e4 g6 7.f4 Bg7 8.Nf3 O-O 
9.Be2 Bg4 10.O-O Nfd7 11.h3 Bxf3 12.Bxf3 Na6 13.Bd2 Nc7 14.a4 Rb8 15.Qe2 
Re8 16.Qd3 a6 17.Rfb1 b5 18.axb5 axb5 19.Ne2 c4 20.Qc2 Nc5 21.Bc3 Nb3 22.
Ra7 Nxd5 23.Bxg7 Kxg7 24.Ra2 Nf6 25.Qc3 b4 26.Qe3 Qb6 27.Qxb6 Rxb6 28.Ng3 
Nc5 29.Rc1 b3 30.Raa1 Rb4 31.Re1 Nd3 32.Re2 Nxf4 33.Rd2 Nd3 34.Ra6 Nxb2 
35.Rc6 Na4 36.Bd1 b2 37.Bc2 b1=Q+ 38.Bxb1 Rxb1+ 39.Kh2 Nxe4 40.Nxe4 Rxe4 
41.Rdxd6 Rb2 42.Rd8 Ree2 43.Rxc4 Rxg2+ 44.Kh1 Rgc2 45.Rxc2 Rxc2 46.Ra8 Nb6
47.Rd8 f5 48.h4 f4 49.h5 f3 50.h6+ Kxh6 51.Kg1 Nc4 52.Re8 Re2 53.Rf8 f2+ 
54.Rxf2 Rxf2 55.Kxf2 Kg5 56.Kg3 h5 57.Kh3 Kf4 58.Kg2 g5 59.Kf2 g4 60.Kg2 
g3 61.Kg1 Kf3 62.Kh1 g2+ 63.Kg1 Ne3 64.Kh2 Kf2 0-1

[Event "19th EUR-ch"]
[Site "Batumi GEO"]
[Date "2018.03.18"]
[Round "2.146"]
[White "Pipia, Ekaterine"]
[Black "Demianjuk, Alexander"]
[Result "0-1"]
[WhiteElo "1737"]
[BlackElo "2313"]
[EventDate "2018.03.17"]
[PlyCount "46"]

1.d4 Nf6 2.c4 g6 3.Nc3 Bg7 4.Nf3 O-O 5.e4 d6 6.h3 e5 7.d5 Nh5 8.Bg5 Qe8 9.
Nd2 f6 10.Be3 f5 11.Nb3 a5 12.a4 b6 13.Qc2 Na6 14.Be2 Nb4 15.Qd1 Nf4 16.
O-O Nxe2+ 17.Nxe2 f4 18.Bc1 f3 19.Ng3 Qd7 20.Re1 fxg2 21.h4 Qh3 22.Bg5 Bg4
23.Bd2 Bf3 0-1

[Event "19th EUR-ch"]
[Site "Batumi GEO"]
[Date "2018.03.18"]
[Round "2.147"]
[White "Gharibian, Mamikon"]
[Black "Lomaia, Diana"]
[Result "0-1"]
[WhiteElo "2312"]
[BlackElo "1742"]
[EventDate "2018.03.17"]
[PlyCount "150"]

1.d4 Nf6 2.Nf3 g6 3.c4 Bg7 4.Nc3 O-O 5.e4 d6 6.Be2 e5 7.O-O Nc6 8.Be3 Ng4 
9.Bg5 f6 10.Bh4 g5 11.Bg3 Nh6 12.dxe5 dxe5 13.Qxd8 Rxd8 14.h3 Be6 15.Nd5 
Rd7 16.Rfd1 Rad8 17.Kf1 Nf7 18.Nd2 Nd4 19.Nb3 Nxb3 20.axb3 c6 21.Nc3 Rxd1+
22.Bxd1 a6 23.Bg4 Bxg4 24.hxg4 Rd2 25.Rb1 Bf8 26.Ke1 Rd7 27.Rd1 Rxd1+ 28.
Kxd1 Nd8 29.f3 Ne6 30.Ne2 Bc5 31.Be1 Kf7 32.Bc3 Kg6 33.b4 Bf2 34.Kd2 h5 
35.gxh5+ Kxh5 36.Kd3 Kh4 37.Bd2 Kh5 38.b3 Kh4 39.Bc3 Nf8 40.Bd2 Ng6 41.Be3
Be1 42.Bc5 g4 43.fxg4 Kxg4 44.Bd6 Nf4+ 45.Nxf4 Kxf4 46.Be7 Bh4 47.Bf8 Kg3 
48.Ke2 Kxg2 49.Bc5 Kg3 50.Bf2+ Kg4 51.Bg1 Bg3 52.Bc5 Bh2 53.Bb6 f5 54.exf5
Kxf5 55.Bc5 Ke4 56.Be3 Bf4 57.Bc5 Bc1 58.Bb6 Bb2 59.Be3 Ba3 60.Bd2 Kd4 61.
b5 axb5 62.cxb5 c5 63.Ba5 e4 64.Bc7 Kc3 65.Ke3 Kxb3 66.Kxe4 Kc4 67.b6 Bb4 
68.Bd8 Ba5 69.Bc7 Kb5 70.Kd3 Bxb6 71.Be5 c4+ 72.Kc2 Ba5 73.Bb2 Kc5 74.Ba3+
Kd5 75.Bc1 b5 0-1

[Event "19th EUR-ch"]
[Site "Batumi GEO"]
[Date "2018.03.18"]
[Round "2.148"]
[White "Martsvalashvili, Ruzvelt"]
[Black "Shevelev, Arkady"]
[Result "1-0"]
[WhiteElo "1671"]
[BlackElo "2309"]
[EventDate "2018.03.17"]
[PlyCount "77"]

1.e4 c6 2.d4 d5 3.Nc3 g6 4.e5 Bg7 5.f4 Nh6 6.Be2 O-O 7.Nf3 b5 8.a3 Nd7 9.
O-O Nb6 10.Kh1 a5 11.b3 Bf5 12.Nh4 Be4 13.Nxe4 dxe4 14.c4 e6 15.g3 a4 16.
cxb5 cxb5 17.Bxb5 axb3 18.Qxb3 Qxd4 19.Bb2 Qd5 20.Qxd5 Nxd5 21.a4 Rfb8 22.
Bd4 Bf8 23.Rfc1 Be7 24.Bc6 Ra5 25.Rab1 Rb4 26.Rxb4 Bxb4 27.Rb1 Bc5 28.Bxd5
exd5 29.Rb8+ Bf8 30.Bb6 Rxa4 31.Bc5 Ra1+ 32.Kg2 Ng4 33.Rxf8+ Kg7 34.Rb8 
Ra2+ 35.Kf1 Nxh2+ 36.Kg1 h5 37.Bd4 f6 38.e6 g5 39.fxg5 1-0

[Event "19th EUR-ch"]
[Site "Batumi GEO"]
[Date "2018.03.18"]
[Round "2.149"]
[White "Gvetadze, Sofio"]
[Black "Tskipurishvili, Daviti"]
[Result "1-0"]
[WhiteElo "2308"]
[BlackElo "1710"]
[EventDate "2018.03.17"]
[PlyCount "149"]

1.Nf3 c6 2.g3 d5 3.Bg2 Nf6 4.O-O Bf5 5.b3 e6 6.Bb2 Bd6 7.d3 O-O 8.Nbd2 
Nbd7 9.Qe1 e5 10.e4 Be6 11.h3 d4 12.Ng5 b5 13.f4 h6 14.Nxe6 fxe6 15.f5 Qe7
16.a4 a6 17.g4 bxa4 18.Rxa4 Nb6 19.Ra1 a5 20.Bc1 a4 21.bxa4 Rxa4 22.Rxa4 
Nxa4 23.Nc4 Nc3 24.Bd2 Nb5 25.Qg3 exf5 26.exf5 Bc7 27.Bxc6 Na7 28.Bg2 e4 
29.Qe1 Bb8 30.Bb4 Qc7 31.Bd6 Qc8 32.Bxf8 Kxf8 33.Qb4+ Kg8 34.dxe4 Nc6 35.
Qb3 Kh8 36.Rb1 d3 37.Qxd3 Qc7 38.Kf1 Nd7 39.Qd6 Qc8 40.Qd5 Nce5 41.Nxe5 
Nxe5 42.c4 Kh7 43.c5 Qc7 44.Qd6 Qxd6 45.cxd6 Bxd6 46.Ke2 Be7 47.Bf3 Bf6 
48.Rc1 Kh8 49.Rc8+ Kh7 50.Bg2 Bg5 51.Bf1 Bf6 52.Kf2 h5 53.Kg3 h4+ 54.Kf4 
Nf7 55.Re8 Bg5+ 56.Kf3 Bf6 57.Kf2 Kh6 58.Rf8 Bd4+ 59.Ke2 Nd6 60.Kf3 Kg5 
61.Rh8 Nf7 62.Rh5+ Kf6 63.Rxh4 Ng5+ 64.Kf4 Bc3 65.Ke3 Bd2+ 66.Kd3 Bf4 67.
Rh8 Nf7 68.Rf8 Ke7 69.Ra8 Ne5+ 70.Kd4 Nd7 71.Ra7 Kd6 72.Ra6+ Kc7 73.Bb5 
Nb6 74.e5 Kb7 75.Ra2 1-0

[Event "19th EUR-ch"]
[Site "Batumi GEO"]
[Date "2018.03.18"]
[Round "2.150"]
[White "Sandu, Mihaela"]
[Black "Valiyev, Shahin"]
[Result "1/2-1/2"]
[WhiteElo "2289"]
[BlackElo "1634"]
[EventDate "2018.03.17"]
[PlyCount "122"]

1.e4 c5 2.Nf3 d6 3.c3 Nf6 4.h3 Nc6 5.Bd3 e5 6.O-O Be7 7.Bc2 O-O 8.Re1 Qb6 
9.d3 h6 10.Nbd2 Be6 11.Nf1 a6 12.Ng3 Rfd8 13.Qe2 Rac8 14.Nh2 d5 15.Ng4 d4 
16.Nf5 Bxf5 17.exf5 Nxg4 18.Qxg4 Kh8 19.Bb3 Rf8 20.f6 Bxf6 21.Bxf7 Ne7 22.
Bb3 Qd8 23.cxd4 cxd4 24.Bd2 Nd5 25.g3 Ne7 26.Rac1 Nc6 27.Be6 Rc7 28.Bf5 
Bg5 29.Bxg5 Qxg5 30.Qxg5 hxg5 31.Be4 Rcf7 32.Bxc6 bxc6 33.Re2 Rf3 34.Rd2 
R3f6 35.Rc5 Re6 36.Kg2 Kh7 37.Re2 Rfe8 38.Re4 Rb8 39.Rcxe5 Rxe5 40.Rxe5 
Rxb2 41.Ra5 Rc2 42.Rxa6 Rc3 43.a4 Kg6 44.a5 Kf6 45.Kf1 Ke5 46.Ke2 Kd5 47.
Ra7 Rc2+ 48.Ke1 Kc5 49.Rb7 Ra2 50.a6 Rxa6 51.Rxg7 Kb4 52.Ke2 Ra5 53.f4 
gxf4 54.gxf4 Rh5 55.Rg3 Kc3 56.Kf3 Rh6 57.f5 Kxd3 58.Kf4+ Kc2 59.Rg6 Rxh3 
60.Rxc6+ Rc3 61.Rxc3+ dxc3 1/2-1/2

[Event "19th EUR-ch"]
[Site "Batumi GEO"]
[Date "2018.03.18"]
[Round "2.151"]
[White "Shamatava, Nikolozi"]
[Black "Demircioglu, Emre"]
[Result "0-1"]
[WhiteElo "1570"]
[BlackElo "2285"]
[EventDate "2018.03.17"]
[PlyCount "98"]

1.d4 Nf6 2.Nf3 c5 3.e3 d5 4.c4 e6 5.Nc3 Nc6 6.b3 cxd4 7.exd4 Bb4 8.Bb2 Ne4
9.Rc1 Qa5 10.Qc2 Qxa2 11.cxd5 exd5 12.Bb5 Bd7 13.O-O Bxc3 14.Bxc3 Qxc2 15.
Rxc2 f6 16.Ra1 Kf7 17.Be1 Rhc8 18.Rca2 a6 19.Bd3 Bf5 20.b4 Nd6 21.Be2 Na7 
22.Nh4 Be6 23.Bd3 g6 24.Nf3 Nab5 25.Bd2 Bf5 26.Bf1 g5 27.h3 Rc7 28.h4 h6 
29.hxg5 hxg5 30.Be3 Rac8 31.Nd2 Rc3 32.Rb2 Bd3 33.Nb1 Bxb1 34.Raxb1 Nc4 
35.Rb3 Nxe3 36.fxe3 Rxb3 37.Rxb3 Rc3 38.Rxc3 Nxc3 39.Bd3 b5 40.Kf2 Ke6 41.
Kf3 Na2 42.Kg4 Nxb4 43.Bf5+ Ke7 44.Bb1 a5 45.e4 dxe4 46.Bxe4 a4 47.Bf5 a3 
48.Bb1 a2 49.Bxa2 Nxa2 0-1

[Event "19th EUR-ch"]
[Site "Batumi GEO"]
[Date "2018.03.19"]
[Round "3.1"]
[White "Vallejo Pons, Francisco"]
[Black "Bosiocic, Marin"]
[Result "0-1"]
[WhiteElo "2716"]
[BlackElo "2611"]
[EventDate "2018.03.17"]
[PlyCount "130"]

1.e4 c5 2.Nf3 e6 3.d4 cxd4 4.Nxd4 Nc6 5.Nc3 Qc7 6.Be3 a6 7.Qf3 Nf6 8.O-O-O
Ne5 9.Qg3 b5 10.Nf3 d6 11.Nxe5 dxe5 12.f3 Bd7 13.Bd3 Rc8 14.Ne2 h5 15.Kb1 
Be7 16.Rhf1 h4 17.Qe1 Bc6 18.g3 Nd7 19.Qf2 Bb7 20.f4 Bc5 21.f5 Nf6 22.fxe6
fxe6 23.gxh4 Bxe3 24.Qxe3 Rxh4 25.Qg3 Rh6 26.Qg2 Kf7 27.Rg1 Kg8 28.a3 Kh8 
29.Rdf1 Rg8 30.h4 a5 31.Nc3 b4 32.Nb5 Qc6 33.a4 Nxe4 34.Qe2 Nc5 35.Rg6 
Nxd3 36.Rxh6+ gxh6 37.Qxd3 Qg2 38.Nd6 Bd5 39.Nf7+ Kg7 40.Nxe5 Rf8 41.Re1 
Rf4 42.Qa6 Re4 43.Rf1 Qf2 44.Nf3 Qxf3 45.b3 Qe3 46.Qxa5 Rg4 47.h5 Qe5 48.
Qd8 Kh7 49.Qe7+ Rg7 50.Qxb4 Qxh5 51.a5 Qe2 52.Re1 Qf2 53.Qc3 Rg3 54.Qb4 
Rg2 55.Qc3 Rg3 56.Qb4 h5 57.a6 Rg4 58.Qc3 h4 59.Re5 Qf1+ 60.Re1 Qxa6 61.
Qf6 Qa7 62.c4 Be4+ 63.Kb2 Rg2+ 64.Kc3 Rc2+ 65.Kb4 Qb6+ 0-1

[Event "19th EUR-ch"]
[Site "Batumi GEO"]
[Date "2018.03.19"]
[Round "3.3"]
[White "Kuzubov, Yuriy"]
[Black "Hovhannisyan, Robert"]
[Result "0-1"]
[WhiteElo "2689"]
[BlackElo "2601"]
[EventDate "2018.03.17"]
[PlyCount "127"]

1.Nf3 d5 2.g3 Bg4 3.Bg2 e6 4.c4 c6 5.cxd5 exd5 6.O-O Nd7 7.d3 Ngf6 8.h3 
Bxf3 9.exf3 Be7 10.f4 Nc5 11.Re1 O-O 12.d4 Nce4 13.g4 Bb4 14.Re2 Qc7 15.g5
Ne8 16.Qb3 Ba5 17.Bxe4 dxe4 18.Nc3 Nd6 19.Nxe4 Rae8 20.Qd3 Nxe4 21.Rxe4 
Qd7 22.Re5 Bb6 23.Rxe8 Rxe8 24.Bd2 Bxd4 25.Be3 Rd8 26.Rd1 Qxh3 27.b4 b6 
28.Bxd4 Qxd3 29.Rxd3 c5 30.bxc5 bxc5 31.Kg2 Rxd4 32.Ra3 Rd7 33.Kf3 c4 34.
Ke4 h5 35.gxh6 gxh6 36.Rc3 Rc7 37.Ke5 Kg7 38.Kd6 Rc8 39.Kd7 Rc5 40.Kd6 Ra5
41.Ke7 Kg6 42.Rxc4 Rxa2 43.f5+ Kxf5 44.Kxf7 Rxf2 45.Rc5+ Ke4+ 46.Kg6 Rd2 
47.Kxh6 Rd5 48.Rc7 a5 49.Ra7 Kd4 50.Kg6 Kc4 51.Kf6 Kb4 52.Ke6 Rb5 53.Rh7 
a4 54.Rh4+ Kb3 55.Rh3+ Ka2 56.Kd6 a3 57.Kc6 Rb3 58.Rh1 Rc3+ 59.Kd5 Kb2 60.
Rh2+ Rc2 61.Rh8 a2 62.Rb8+ Kc1 63.Ra8 Kb1 64.Kd4 0-1

[Event "19th EUR-ch"]
[Site "Batumi GEO"]
[Date "2018.03.19"]
[Round "3.4"]
[White "Alekseev, Evgeny"]
[Black "Inarkiev, Ernesto"]
[Result "1/2-1/2"]
[WhiteElo "2617"]
[BlackElo "2684"]
[EventDate "2018.03.17"]
[PlyCount "35"]

1.Nf3 d5 2.e3 Nf6 3.c4 e6 4.b3 Be7 5.Bb2 O-O 6.Nc3 dxc4 7.bxc4 c5 8.Qc2 
Nc6 9.a3 Ne8 10.Be2 b6 11.O-O Bb7 12.Rfd1 Rc8 13.Rac1 Qc7 14.Ne4 h6 15.Qb1
Nb8 16.Ng3 Nd7 17.Bc3 Bf6 18.Qb2 1/2-1/2

[Event "19th EUR-ch"]
[Site "Batumi GEO"]
[Date "2018.03.19"]
[Round "3.5"]
[White "Naer, Evgeny"]
[Black "Predke, Alexander"]
[Result "1/2-1/2"]
[WhiteElo "2683"]
[BlackElo "2595"]
[EventDate "2018.03.17"]
[PlyCount "176"]

1.e4 e5 2.Nf3 Nc6 3.Bc4 Nf6 4.d4 exd4 5.e5 d5 6.Bb5 Nd7 7.O-O Be7 8.Re1 
O-O 9.Bxc6 bxc6 10.Nxd4 Nb8 11.Nc3 c5 12.Nf3 Be6 13.b3 Nc6 14.Ba3 d4 15.
Na4 Qd5 16.Rc1 Rfe8 17.c4 dxc3 18.Rxc3 Qxd1 19.Rxd1 Nd4 20.Rcd3 Nxf3+ 21.
gxf3 c4 22.bxc4 Bxc4 23.Rd4 Be2 24.R1d2 Bxf3 25.Bxe7 Rxe7 26.R2d3 Bc6 27.
Rc3 Be8 28.Rc5 Rb8 29.Nc3 Kf8 30.f4 f6 31.Kf2 Rb2+ 32.Kg3 Rc2 33.h4 h6 34.
a3 c6 35.Kf3 Rb7 36.e6 Rb3 37.Rd3 Rxa3 38.f5 g6 39.fxg6 Bxg6 40.Re3 Be8 
41.Kf4 Rf2+ 42.Kg3 Rd2 43.Rf5 Ke7 44.Rf4 Ra1 45.Ne4 Rg1+ 46.Kh3 Rh1+ 47.
Kg3 Rdd1 48.Rxf6 Rdg1+ 49.Kf2 Bg6 50.h5 Bxe4 51.Rxe4 Rf1+ 52.Kg2 Rhg1+ 53.
Kh2 Rh1+ 54.Kg2 Rxf6 55.Kxh1 Rxe6 56.Ra4 c5 57.Rxa7+ Kd6 58.Kg2 Kd5 59.Kf3
Re5 60.Kg4 c4 61.Kf4 Re8 62.Rd7+ Kc5 63.Rc7+ Kb5 64.Rb7+ Ka5 65.Rc7 Kb5 
66.Kf5 Rg8 67.Ke4 Rg5 68.Kd4 Rxh5 69.Rb7+ Kc6 70.Rb8 Rh4+ 71.Kc3 Kc5 72.
Rc8+ Kd5 73.Kb4 Rf4 74.Rc5+ Kd4 75.Rh5 c3 76.Kb3 Rf6 77.Rh4+ Kd3 78.Rh3+ 
Ke4 79.Rh4+ Kf3 80.Kxc3 Kg3 81.Rh1 Kg2 82.Rh5 Rf3+ 83.Kd2 Rh3 84.Rf5 h5 
85.Ke2 h4 86.Rf2+ Kg3 87.Rf3+ Kg4 88.Rxh3 Kxh3 1/2-1/2

[Event "19th EUR-ch"]
[Site "Batumi GEO"]
[Date "2018.03.19"]
[Round "3.6"]
[White "Alekseenko, Kirill"]
[Black "Sargissian, Gabriel"]
[Result "1/2-1/2"]
[WhiteElo "2609"]
[BlackElo "2677"]
[EventDate "2018.03.17"]
[PlyCount "126"]

1.e4 e5 2.Nf3 Nc6 3.Bb5 Nf6 4.d3 Bc5 5.c3 O-O 6.O-O Re8 7.Bg5 h6 8.Bh4 a6 
9.Bxc6 dxc6 10.h3 Be7 11.Bg3 Bd6 12.Nbd2 Nh5 13.Bh2 Nf4 14.Bxf4 exf4 15.d4
c5 16.Qc2 Bf8 17.Rfe1 b5 18.Rad1 c4 19.e5 Qd5 20.Ne4 Bb7 21.Qc1 f5 22.Nc5 
Bxc5 23.dxc5 Qxc5 24.Qxf4 Be4 25.Nd4 Rad8 26.Nxf5 Rxd1 27.Rxd1 Qxe5 28.
Qxe5 Rxe5 29.Rd8+ Kf7 30.Ne3 Ke7 31.Rg8 Kf7 32.Rc8 Re7 33.Rd8 c5 34.Kf1 
Ke6 35.f3 Bc6 36.Kf2 Rf7 37.h4 Ke7 38.Rd2 Ke6 39.Kg3 Rf8 40.Kg4 Ke5 41.Re2
Bd7+ 42.Kg3 Kd6 43.f4 Be6 44.Rd2+ Kc6 45.Ng4 Bxg4 46.Kxg4 b4 47.Rf2 Re8 
48.Kf5 b3 49.axb3 cxb3 50.Kg6 Re7 51.f5 Kb5 52.g4 a5 53.g5 hxg5 54.hxg5 a4
55.f6 gxf6 56.gxf6 Re6 57.Kg7 a3 58.bxa3 Kc4 59.f7 Re7 60.a4 Kxc3 61.a5 b2
62.Rf1 Kc2 63.Kg8 Rxf7 1/2-1/2

[Event "19th EUR-ch"]
[Site "Batumi GEO"]
[Date "2018.03.19"]
[Round "3.7"]
[White "Smirin, Ilia"]
[Black "Berkes, Ferenc"]
[Result "1/2-1/2"]
[WhiteElo "2594"]
[BlackElo "2671"]
[EventDate "2018.03.17"]
[PlyCount "42"]

1.e4 c6 2.d4 d5 3.exd5 cxd5 4.Nf3 Nc6 5.Ne5 Qb6 6.Nc3 Nf6 7.Bf4 a6 8.Na4 
Qa7 9.c4 dxc4 10.Bxc4 e6 11.Nxc6 bxc6 12.O-O Be7 13.Rc1 O-O 14.Bd3 Rd8 15.
Nc5 Rd5 16.Re1 a5 17.Be5 Bxc5 18.Rxc5 Rxc5 19.dxc5 Qxc5 20.Qf3 Nd5 21.h4 
Bd7 1/2-1/2

[Event "19th EUR-ch"]
[Site "Batumi GEO"]
[Date "2018.03.19"]
[Round "3.8"]
[White "Melkumian, Hrant"]
[Black "Pantsulaia, Levan"]
[Result "1/2-1/2"]
[WhiteElo "2664"]
[BlackElo "2593"]
[EventDate "2018.03.17"]
[PlyCount "144"]

1.d4 Nf6 2.Nf3 e6 3.g3 b5 4.Bg5 Bb7 5.Nbd2 Be7 6.e3 Ne4 7.Bxe7 Qxe7 8.Nxe4
Bxe4 9.Bd3 Bb7 10.O-O a6 11.Nd2 c5 12.c3 d5 13.dxc5 Qxc5 14.a4 bxa4 15.
Qxa4+ Nc6 16.Qa3 Qxa3 17.Rxa3 Ne5 18.Be2 Kd7 19.Rfa1 Rhb8 20.b4 Rc8 21.f4 
Nc6 22.Nb3 Nb8 23.Nc5+ Kc7 24.Kf2 Kb6 25.Ke1 Rc7 26.c4 dxc4 27.Nxb7 Rxb7 
28.Bf3 Raa7 29.Bxb7 Rxb7 30.Kd2 Nc6 31.Rxa6+ Kb5 32.Kc3 Rd7 33.R1a5+ Nxa5 
34.Rxa5+ Kb6 35.Kxc4 Rd2 36.h4 h6 37.Ra3 Rg2 38.e4 h5 39.Kd4 Rb2 40.Ke5 
Rxb4 41.Rc3 Ra4 42.Rc8 Ra3 43.Rf8 f6+ 44.Kxe6 Rxg3 45.e5 fxe5 46.fxe5 Kc5 
47.Rh8 g6 48.Kf6 Rf3+ 49.Kxg6 Kd5 50.Re8 Rg3+ 51.Kxh5 Ke4 52.Kh6 Kf5 53.h5
Rh3 54.Re7 Rh2 55.Ra7 Kxe5 56.Kg7 Rg2+ 57.Kf7 Rf2+ 58.Kg8 Rg2+ 59.Kf8 Rf2+
60.Rf7 Rh2 61.Rb7 Rf2+ 62.Kg8 Rg2+ 63.Kf7 Rf2+ 64.Ke8 Rh2 65.Kf7 Rf2+ 66.
Kg8 Rg2+ 67.Rg7 Rh2 68.Rc7 Rg2+ 69.Kf7 Rf2+ 70.Ke8 Rh2 71.Kf7 Kd6 72.Ra7 
Rxh5 1/2-1/2

[Event "19th EUR-ch"]
[Site "Batumi GEO"]
[Date "2018.03.19"]
[Round "3.9"]
[White "Moiseenko, Olexandr"]
[Black "Martirosian, Haik"]
[Result "1/2-1/2"]
[WhiteElo "2659"]
[BlackElo "2586"]
[EventDate "2018.03.17"]
[PlyCount "85"]

1.d4 Nf6 2.c4 e6 3.Nc3 Bb4 4.Nf3 c5 5.g3 cxd4 6.Nxd4 O-O 7.Bg2 d5 8.cxd5 
Nxd5 9.Qb3 Qb6 10.Bxd5 exd5 11.Be3 Qa5 12.Rc1 Nc6 13.a3 Bxc3+ 14.Qxc3 
Qxc3+ 15.Rxc3 Nxd4 16.Bxd4 Bd7 17.Kd2 a6 18.Rc7 Bc6 19.Rc1 Rfc8 20.Re7 Re8
21.Rxe8+ Rxe8 22.f3 f6 23.e3 Kf7 24.Kc3 Rc8 25.Kb4 Bd7 26.Rxc8 Bxc8 27.Kc5
Bd7 28.Kd6 Bb5 29.f4 f5 30.Kc7 Bc6 31.b3 g6 32.Kd6 Bb5 33.Kc7 Bc6 34.a4 
Ke7 35.Kb6 Kd7 36.Ka5 Kd6 37.b4 Ke6 38.b5 axb5 39.axb5 Bd7 40.Kb6 Be8 41.
Kc5 Bd7 42.Be5 Be8 43.Bd4 1/2-1/2

[Event "19th EUR-ch"]
[Site "Batumi GEO"]
[Date "2018.03.19"]
[Round "3.10"]
[White "Sarana, Alexey"]
[Black "Siugirov, Sanan"]
[Result "1/2-1/2"]
[WhiteElo "2577"]
[BlackElo "2652"]
[EventDate "2018.03.17"]
[PlyCount "77"]

1.e4 c5 2.Nf3 Nc6 3.d4 cxd4 4.Nxd4 e5 5.Nb5 a6 6.Nd6+ Bxd6 7.Qxd6 Qe7 8.
Qd1 Nf6 9.Nc3 d6 10.Bc4 Be6 11.Bb3 h6 12.Be3 O-O 13.O-O Rac8 14.Qd2 Na5 
15.Rad1 Nc4 16.Bxc4 Rxc4 17.Qxd6 Qxd6 18.Rxd6 b5 19.f3 b4 20.Nd1 Rxc2 21.
Rxa6 Rd8 22.Rb6 Nh5 23.Rxb4 Nf4 24.Nf2 Bxa2 25.g3 Ne6 26.Rd1 Rxd1+ 27.Nxd1
Bc4 28.Nc3 Bd3 29.h4 f5 30.exf5 Bxf5 31.Kf1 Rh2 32.Ne4 Rc2 33.g4 Bxe4 34.
Rxe4 Nd4 35.Rxe5 Nxf3 36.Rb5 Nxh4 37.b4 Nf3 38.g5 hxg5 39.Bxg5 1/2-1/2